| 000 | 00542nam a22001817a 4500 | ||
|---|---|---|---|
| 005 | 20231116143542.0 | ||
| 008 | 231116b |||||||| |||| 00| 0 eng d | ||
| 020 | _a0628013280 | ||
| 041 | _aEnglish | ||
| 082 | _a343.8 SUI | ||
| 100 | _lAfrikaans | ||
| 245 |
_aSuid-Afrikaanse Handelsreg / _credakteur SR Van Jaarsveld |
||
| 250 | _aEerste Uitgawe | ||
| 260 |
_aJohannesburg : _bLex Patria-Uitgewery, _c1978 |
||
| 300 |
_bxix, 1050 pages ; _c26 cm. |
||
| 650 |
_aLegal practice _bLaw |
||
| 942 |
_cBK _6ALISON_BN_VRIES |
||
| 999 |
_c741 _d741 |
||